Catch all falling Countries - Statistics

General Stats
  • This quiz has been taken 59 times
  • The average score is 17 of 20
Answers on the Map
Answers color-coded by a green-red scale on the quiz's map according to % correct below.
 
Answer Stats
Answer % Correct
Japan
98%
United Kingdom
98%
United States
98%
Egypt
96%
China
95%
New Zealand
93%
Thailand
93%
Madagascar
91%
South Africa
91%
Denmark
87%
Saudi Arabia
87%
Portugal
85%
Sweden
84%
Kazakhstan
82%
Peru
80%
Venezuela
80%
Poland
75%
Ukraine
75%
Nicaragua
71%
Ethiopia
67%
No matching quizzes found
Score Distribution
Percent of People with Each Score
Percentile by Number Answered
Your Score History
You have not taken this quiz